000 00673nam a2200205Ia 4500
003 GCL
008 140319s9999 xx 000 0 ara d
040 _aGCL /
_cGCL
082 0 4 _a182
_bس م
100 1 _aسانتلانا، دافيد
245 1 0 _aالمذاهب اليونانيه الفلسفيه فى العالم الاسلامى /
_cسانتلانا، دافيد
700 1 _aمحمد جلال شرف (تحقيق)
300 _a232 ص
490 _a
650 0 4 _aالفلسفة الاسلامية
650 0 4 _aالفلسفة اليونانية
650 0 4 _aالمذاهب الفلسفية
650 0 4 _aالعالم الاسلامى
942 _2ddc
_cBK
999 _c39133
_d39133